Online Catalogue and eLibrary

Kudu kirillee,Arabiye diyaniyo,Welikathre kumari (Record no. 4870)

MARC details
000 -LEADER
fixed length control field 00451nam a2200157Ia 4500
005 - DATE AND TIME OF LATEST TRANSACTION
control field 20250703014111.0
008 - FIXED-LENGTH DATA ELEMENTS--GENERAL INFORMATION
fixed length control field 240331s9999 xx 000 0 und d
020 ## - INTERNATIONAL STANDARD BOOK NUMBER
ISBN 9558033662
082 ## - DDC Classification
Item Number - Author Mark SAS
Class No. 891
100 ## - MAIN ENTRY--PERSONAL NAME
Personal name Sesan,G.P
245 #0 - TITLE STATEMENT
Title Kudu kirillee,Arabiye diyaniyo,Welikathre kumari
260 ## - PUBLICATION, DISTRIBUTION, ETC.
Place of publication, distribution, etc. Dehiwala
Name of publisher, distributor, etc. Vidarshana Publishers
Date of publication, distribution, etc. 2004
300 ## - PHYSICAL DESCRIPTION
Extent (e.g. Volumes, Pages etc.) 249 p .,
500 ## - GENERAL NOTE
General note Translation of Princess of the Sand dunes by Jean P sasson
942 ## - Koha item type (Biblio)
Koha item type Books in Stacks (Lending)
Holdings
Lost status Damaged status Collection code Home library Current library Shelving location Date acquired Full call number Accession Number Item type
    Lending WERC Library WERC Library Social Science Cupboard 03/31/2024 891.48 SAS 5471 Books in Stacks (Lending)

© WERC Library